Reminiscences (Record no. 356020)

000 -LEADER
fixed length control field 00301cam a22001217a 4500
008 - FIXED-LENGTH DATA ELEMENTS--GENERAL INFORMATION
fixed length control field 180718b1990 xxu||||| |||| 00| 0 eng d
082 ## - DEWEY DECIMAL CLASSIFICATION NUMBER
Classification number A99 V815r
100 ## - MAIN ENTRY--PERSONAL NAME
Personal name Vira, Dhrma
245 ## - TITLE STATEMENT
Title Reminiscences
Statement of responsibility, etc. by Dharma Vira
260 ## - PUBLICATION, DISTRIBUTION, ETC.
Place of publication, distribution, etc. Delhi
Name of publisher, distributor, etc. Vikas
Date of publication, distribution, etc. 1990
300 ## - PHYSICAL DESCRIPTION
Extent 176p.
650 ## - SUBJECT ADDED ENTRY--TOPICAL TERM
Topical term or geographic name entry element Vira, Dharma, 1906
Holdings
Withdrawn status Lost status Damaged status Not for loan Permanent Location Current Location Date acquired Full call number Barcode Date last seen Price effective from Koha item type
        Indian Institute of Public Administration Indian Institute of Public Administration 1993-12-30 A99 V815r 65699 2018-07-21 2018-07-21 Book

Powered by Koha